A study of blood flow rate during haemodialysis treatment /
Saved in:
| Main Author: | |
|---|---|
| Format: | Thesis Book |
| Language: | English |
| Published: |
2004.
|
| Subjects: | |
| Tags: |
Add Tag
No Tags, Be the first to tag this record!
|
| LEADER | 01102nam a2200277 a 4500 | ||
|---|---|---|---|
| 001 | u698206 | ||
| 003 | SIRSI | ||
| 008 | 910522s2004 my a t 00 10 eng m | ||
| 035 | |a ADC-5362 | ||
| 040 | |a UMJ |d UMM | ||
| 090 | |a R856.4 |b UM 2004 Saih | ||
| 097 | |a IN PROCESS | ||
| 100 | 0 | 0 | |a Saiffulsam Hassan |
| 245 | 1 | 2 | |a A study of blood flow rate during haemodialysis treatment / |c Saiffulsam Hassan. |
| 260 | |c 2004. | ||
| 300 | |a xi, 81 leaves : |b ill. ; |c 29 cm. | ||
| 502 | |a Dissertation (M.Eng.Sc.) -- Jabatan Kejuruteraan Bioperubatan, Fakulti Kejuruteraan, Universiti Malaya, 2004. | ||
| 504 | |a Bibliography: leaves 80-81. | ||
| 650 | 0 | |a Blood flow |x Measurement. | |
| 650 | 0 | |a Hemodialysis |x Evaluation |x Mathematical models. | |
| 710 | 2 | 0 | |a Universiti Malaya. |b Jabatan Kejuruteraan Bioperubatan. |
| 900 | |a HF | ||
| 948 | |a 14/09/2004 |b 14/09/2004 | ||
| 596 | |a 1 7 | ||
| 999 | |a R856.4 UM 2004 SAIH |w AUTO |c 1 |i A511880889 |d 11/5/2007 |f 11/5/2007 |g 1 |l STACKS |m P01UTAMA |r Y |s Y |t TESIS |u 10/5/2007 | ||
| 999 | |a R856.4 UM 2004 SAIH |w LC |c 1 |i A511881735 |d 23/7/2008 |f 23/7/2008 |g 1 |l STACKS |m P07JURUTER |r Y |s Y |t TESIS |u 17/7/2008 | ||
